| 000 | 00480 a2200169 4500 | ||
|---|---|---|---|
| 999 |
_c7960 _d7960 |
||
| 020 | _a981412656 | ||
| 050 | _aHG 4026 DAM 2001 | ||
| 100 |
_aDamodaran, Aswath _eauthor |
||
| 245 |
_aCorporate finance : _btheory and practice / _cDamodaran, Aswath |
||
| 250 | _a2nd ed | ||
| 264 |
_aNew York : _bWiley, _c2001. |
||
| 300 | _a980p.: | ||
| 500 | _aincludes index | ||
| 650 |
_aCorporations _x Finance. |
||
| 650 |
_aEntreprises _xFinances. |
||
| 942 |
_2lcc _cBK _e2n ed _h4026 _iDAM _kHG |
||